Most Popular Songs-1979 - Statistics

General Stats
  • This quiz has been taken 31 times
    16 since last reset
  • The average score is 6 of 12
Answer Stats
Month Artist Answer % Correct
January Village People Y.M.C.A
100%
March Gloria Gaynor I Will Survive
86%
April Blondie Heart Of Glass
71%
September The Knack My Sharona
71%
August Anita Ward Ring My Bell
57%
February Rod Stewart Da Ya Think I'm Sexy?
50%
July M Pop Muzik
50%
December Rupert Holmes Escape (The Piña Colada Song)
43%
June Donna Summer Hot Stuff
43%
May Peaches & Herb Reunited
36%
November Cliff Richard We Don't Talk Anymore
21%
October Michael Jackson Don't Stop 'Till You Get Enough
14%
No matching quizzes found
Score Distribution
Percent of People with Each Score
Percentile by Number Answered
Your Score History
You have not taken this quiz since the last reset